Vedecký komunizmus vybrané problémy

Saved in:
Bibliographic Details
Main Author: Vrba, Hubert
Format: Book
Language:Slovak
Published: Bratislava Vysoká škola ekonomická 1983
Edition:3. vyd.
Tags: Add Tag
No Tags, Be the first to tag this record!

MARC

LEADER 00000nam a2200000 4500
001 c133208
005 20190107112333.6
041 0 |a slo 
044 |a SK 
245 1 0 |a Vedecký komunizmus  |b vybrané problémy  |c Hubert Vrba a kol. 
250 |a 3. vyd. 
264 1 |a Bratislava  |b Vysoká škola ekonomická  |c 1983 
300 |a 390 s. 
100 1 |a Vrba, Hubert